[Event "Saint Denis op"]
[Site "Saint Denis"]
[Date "2022.10.13"]
[Round "4"]
[White "Erudel, Maeva"]
[Black "Gauthier, Keanu"]
[Result "1/2-1/2"]
[WhiteElo "1411"]
[BlackElo "1099"]
[PlyCount "66"]
[EventDate "2022.10.13"]
[EventType "swiss"]
[EventRounds "9"]
[EventCountry "RUF"]
[SourceTitle "EXT 2024"]
[Source "ChessBase"]
[SourceDate "2023.10.10"]
[SourceVersion "1"]
[SourceVersionDate "2023.10.10"]
[SourceQuality "1"]

1. d4 d5 2. e3 Nf6 3. Nd2 Nc6 4. f4 g6 5. Ngf3 Bg7 6. b3 0-0 7. h3 e6 8. Bb2 a6 9. c4 Re8 10. Be2 b6 11. 0-0 Bb7 12. Qc2 Qd7 13. Rac1 Re7 14. Qc3 Rc8 15. Bd3 a5 16. a3 h6 17. e4 dxe4 18. Nxe4 Na7 19. d5 Nh5 20. Ne5 f5 21. dxe6 Qxe6 22. Nd2 Rce8 23. Rce1 Nc6 24. Qc1 Nxe5 25. fxe5 Qc6 26. Nf3 Bxe5 27. Bxe5 Rxe5 28. Rxe5 Rxe5 29. Qd2 Qc5+ 30. Kh2 Bxf3 31. Rxf3 Kg7 32. Bc2 Qd6 33. Rd3 Qc5 1/2-1/2

[Event "Saint Denis op"]
[Site "Saint Denis"]
[Date "2022.10.13"]
[Round "7"]
[White "Hichari, Lotfi"]
[Black "Erudel, Maeva"]
[Result "1-0"]
[WhiteElo "1199"]
[BlackElo "1411"]
[PlyCount "130"]
[EventDate "2022.10.13"]
[EventType "swiss"]
[EventRounds "9"]
[EventCountry "RUF"]
[SourceTitle "EXT 2024"]
[Source "ChessBase"]
[SourceDate "2023.10.10"]
[SourceVersion "1"]
[SourceVersionDate "2023.10.10"]
[SourceQuality "1"]

1. Nf3 e6 2. d4 d5 3. c4 Nf6 4. Bg5 Nbd7 5. g3 b6 6. cxd5 exd5 7. Bg2 Bb7 8. 0-0 Be7 9. Nc3 0-0 10. Qb3 h6 11. Bxf6 Nxf6 12. Ne5 Rb8 13. Rac1 a6 14. e3 c5 15. dxc5 bxc5 16. Qd1 d4 17. Bxb7 dxc3 18. Bxa6 Rb6 19. Be2 cxb2 20. Rb1 Rd6 21. Qb3 Rb6 22. Qc2 Qa8 23. Bc4 Qb7 24. Bb3 Ne4 25. Nc4 Rb5 26. Rxb2 Bf6 27. Rbb1 Rd8 28. Rfd1 Rxd1+ 29. Rxd1 Qe7 30. a4 Rb8 31. a5 Nc3 32. Rd3 Qe4 33. Nd6 Qb4 34. Bxf7+ Kh8 35. Be6 Qxa5 36. Nf7+ Kg8 37. Nxh6+ Kf8 38. Nf5 Qa8 39. Rd7 Rb1+ 40. Qxb1 Nxb1 41. Rf7+ Ke8 42. Nd6+ Kd8 43. Rf8+ Kc7 44. Rxa8 Kxd6 45. Ra6+ Ke5 46. f3 Nd2 47. Kf2 Nc4 48. e4 Kd4 49. Bc8 Ne5 50. h4 Nd3+ 51. Ke2 Nc1+ 52. Kf1 Ke3 53. h5 Bg5 54. Ra7 Bh6 55. e5 Kxf3 56. e6 Bg5 57. Rxg7 Bd8 58. h6 Ke4 59. h7 Bf6 60. h8Q Bxg7 61. Qxg7 Nd3 62. e7 Kd5 63. e8Q Nb4 64. Qge5+ Kc4 65. Qf7+ Kb5 1-0

[Event "Trophee Roza Lallemand Online"]
[Site "Tornelo INT"]
[Date "2020.12.13"]
[Round "9"]
[White "Chen, Isabelle"]
[Black "Erudel, Maeva"]
[Result "1-0"]
[WhiteElo "1246"]
[BlackElo "1002"]
[PlyCount "63"]
[EventDate "2020.12.13"]
[EventType "swiss (rapid)"]
[EventRounds "9"]
[EventCountry "USA"]
[SourceTitle "EXT 2022"]
[Source "ChessBase"]
[SourceDate "2021.10.06"]
[SourceVersion "1"]
[SourceVersionDate "2021.10.06"]
[SourceQuality "1"]

1. e4 e6 2. d4 d5 3. Nc3 dxe4 4. Nxe4 Nd7 5. Nf3 Ngf6 6. Nc3 Be7 7. Bc4 0-0 8. 0-0 b6 9. Qd3 Bb7 10. Bf4 Rc8 11. Ba6 Bxa6 12. Qxa6 Ra8 13. Qc4 c5 14. Rad1 Re8 15. d5 exd5 16. Nxd5 Nxd5 17. Rxd5 Qc8 18. Rf5 Nf6 19. Nh4 h6 20. Be5 Qd7 21. Rf3 Rad8 22. h3 Qc6 23. Ng6 b5 24. Nxe7+ Rxe7 25. Qf4 Re6 26. c3 Rde8 27. Bb8 a6 28. Ba7 Re2 29. Rg3 Rxb2 30. Bxc5 Rc2 31. Bd4 Re6 32. Qb8+ 1-0

[Event "Trophee Roza Lallemand Online"]
[Site "Tornelo INT"]
[Date "2020.12.13"]
[Round "5"]
[White "Ledoux, Camille"]
[Black "Erudel, Maeva"]
[Result "0-1"]
[WhiteElo "1220"]
[BlackElo "1002"]
[PlyCount "118"]
[EventDate "2020.12.13"]
[EventType "swiss (rapid)"]
[EventRounds "9"]
[EventCountry "USA"]
[SourceTitle "EXT 2022"]
[Source "ChessBase"]
[SourceDate "2021.10.06"]
[SourceVersion "1"]
[SourceVersionDate "2021.10.06"]
[SourceQuality "1"]

1. d4 e6 2. Nf3 d5 3. e3 Bd6 4. Bd3 Nd7 5. 0-0 f5 6. Nbd2 Ngf6 7. b3 0-0 8. Bb2 Ne4 9. Ne5 Qf6 10. Nxe4 fxe4 11. Nxd7 Bxd7 12. Be2 g5 13. Bg4 Rf7 14. f3 exf3 15. Rxf3 Qh6 16. Rh3 Qg6 17. Qe2 Raf8 18. Rf3 Qh6 19. h3 Qh4 20. Raf1 Bg3 21. Rxf7 Rxf7 22. Rxf7 Kxf7 23. Qf3+ Kg7 24. e4 dxe4 25. d5+ e5 26. Bxe5+ Bxe5 27. Qxe4 Bxg4 28. Qxe5+ Kg6 29. hxg4 Qxg4 30. Qe6+ Qxe6 31. dxe6 Kf6 32. Kf2 Kxe6 33. Kg3 Kf5 34. Kf3 h5 35. g3 a5 36. g4+ hxg4+ 37. Kg3 b6 38. c3 c6 39. a3 b5 40. c4 Ke5 41. Kxg4 bxc4 42. bxc4 Kd4 43. Kxg5 Kxc4 44. Kf4 Kb3 45. Ke3 c5 46. Kd2 c4 47. Kc1 Kxa3 48. Kb1 Kb3 49. Ka1 Kc2 50. Ka2 Kd2 51. Kb2 c3+ 52. Kb1 c2+ 53. Kb2 c1Q+ 54. Kb3 Kd3 55. Ka4 Qb1 56. Kxa5 Kc4 57. Ka6 Kc5 58. Ka7 Kc6 59. Ka8 Qb7# 0-1

[Event "FRA-ch Blitz Online Qual"]
[Site "Europe Echecs INT"]
[Date "2020.05.16"]
[Round "15"]
[White "Erudel, Maeva"]
[Black "Lebrun, Mathieu"]
[Result "0-1"]
[WhiteElo "1002"]
[BlackElo "1177"]
[PlyCount "22"]
[EventDate "2020.05.16"]
[EventType "swiss (blitz)"]
[EventRounds "15"]
[EventCountry "FRA"]
[SourceTitle "CBM 196 Extra"]
[Source "ChessBase"]
[SourceDate "2020.07.31"]
[SourceVersion "1"]
[SourceVersionDate "2020.07.31"]
[SourceQuality "1"]

1. d4 d5 2. e3 Nc6 3. f4 e6 4. Bd3 Nf6 5. Nf3 Bd6 6. 0-0 0-0 7. Ne5 b6 8. g4 Bb7 9. Qf3 h6 10. Qh3 Nh7 11. g5 Nxe5 0-1

[Event "FRA-ch Blitz Online Qual"]
[Site "Europe Echecs INT"]
[Date "2020.05.16"]
[Round "4"]
[White "Rigaud Retourne, Mael"]
[Black "Erudel, Maeva"]
[Result "0-1"]
[WhiteElo "1103"]
[BlackElo "1002"]
[PlyCount "48"]
[EventDate "2020.05.16"]
[EventType "swiss (blitz)"]
[EventRounds "15"]
[EventCountry "FRA"]
[SourceTitle "CBM 196 Extra"]
[Source "ChessBase"]
[SourceDate "2020.07.31"]
[SourceVersion "1"]
[SourceVersionDate "2020.07.31"]
[SourceQuality "1"]

1. e4 e6 2. d4 d5 3. exd5 exd5 4. Nf3 Bd6 5. Bd3 Bg4 6. c3 Ne7 7. Be3 Nbc6 8. Nbd2 Qd7 9. Qc2 0-0-0 10. 0-0-0 Ng8 11. Bxh7 g6 12. Bxg6 fxg6 13. Qxg6 Nge7 14. Qc2 Bf5 15. Qb3 Bg4 16. Kb1 Bf5+ 17. Ka1 Rdg8 18. g3 Bg4 19. Rc1 Na5 20. Qc2 Bf5 21. Qd1 Qb5 22. Nb3 Nc4 23. h4 a5 24. Nbd2 Qxb2# 0-1

[Event "St Denis op 21st"]
[Site "St Denis"]
[Date "2019.10.20"]
[Round "1"]
[White "Fondrat, Johan"]
[Black "Erudel, Maeva"]
[Result "1-0"]
[WhiteElo "1541"]
[BlackElo "1009"]
[PlyCount "123"]
[EventDate "2019.10.20"]
[EventType "swiss"]
[EventRounds "9"]
[EventCountry "RUF"]
[SourceTitle "CBM 192 Extra"]
[Source "Chessbase"]
[SourceDate "2019.11.06"]
[SourceVersion "1"]
[SourceVersionDate "2019.11.06"]
[SourceQuality "1"]

1. e4 e6 2. d4 d5 3. exd5 exd5 4. Bd3 Bd6 5. Nf3 Nf6 6. 0-0 0-0 7. Bg5 h6 8. Bh4 c6 9. Re1 Nbd7 10. Nbd2 Qc7 11. c3 b6 12. Qc2 Bb7 13. a4 c5 14. Nf1 Rfe8 15. Bg3 Rxe1 16. Rxe1 Bxg3 17. Nxg3 Rc8 18. Nf5 Nf8 19. Ne7+ Kh8 20. Nxc8 Bxc8 21. Qe2 Ne6 22. Bf5 Qd7 23. Bxe6 fxe6 24. Qb5 Qxb5 25. axb5 Kg8 26. Ra1 Bd7 27. Rxa7 Bxb5 28. dxc5 bxc5 29. Ra5 Be2 30. Rxc5 Bxf3 31. gxf3 Kf7 32. b4 Nd7 33. Rc7 Ke8 34. b5 Ke7 35. Kg2 Kd6 36. Ra7 Nb6 37. Rxg7 Kc5 38. Re7 Kd6 39. Rh7 Na4 40. Rxh6 Nxc3 41. b6 d4 42. b7 Kc7 43. Rxe6 Kxb7 44. Rd6 Nb5 45. Re6 d3 46. Re1 Nc3 47. h4 d2 48. Rh1 d1Q 49. Rxd1 Nxd1 50. h5 Kc6 51. h6 Kd5 52. h7 Kd4 53. h8Q+ Kc5 54. Qa1 Nxf2 55. Kxf2 Kd5 56. Ke3 Kc5 57. Qd4+ Kc6 58. Ke4 Kc7 59. Kd5 Kd7 60. Qg7+ Kc8 61. Kc6 Kb8 62. Qb7# 1-0